000 00324nam a2200133Ia 4500
008 240624s9999 xx 000 0 und d
041 _aeng
082 _a920 KAK
100 _aKAKAR SUDHIR
245 _aMIRA AND THE MAHATMA
260 _c2006
_aNew Delhi
_bPenguin Books India
300 _a267 : p. : cm. ; 19
365 _cRS
999 _c4253
_d4253